| 000 | 00459nam a2200181Ia 4500 | ||
|---|---|---|---|
| 008 | 230917s9999||||xx |||||||||||||| ||und|| | ||
| 020 | _cRS250 | ||
| 040 |
_e225956 _aMAIN |
||
| 041 | _aEnglish | ||
| 082 | _a070.103 H251S(2) | ||
| 100 | _aHarshdev | ||
| 245 | 0 | _aSamyik media shabdkosh | |
| 250 | _a2nd ed. | ||
| 260 |
_aNew Delhi _bSamyik Prakashan _c2008 |
||
| 300 | _a240 p. | ||
| 500 | _a2024 04/03/2015 IBS 225 07/03/2015 Main Budget | ||
| 942 | _cBK | ||
| 999 |
_c15081 _d15081 |
||